Стандарты инженерной графики: учебник для среднего профессионального образования

Bibliographische Detailangaben
1. Verfasser: Куликов В. П. Виктор Павлович
Zusammenfassung:В учебном пособии «Стандарты инженерной графики» впервые концентрированно изложены действующие стандарты с иллюстрациями, комментариями и справочными данными, необходимые для использования при изучении дисциплин по инженерно-техническим циклам. В пособии изложены правила выполнения и оформления чертежей деталей, сборочных единиц, а также схем. Рассмотрены правила деталирования сборочных чертежей, приведены сведения о разъемных и неразъемных соединениях, зубчатых передачах, изображениях на чертеже подшипников и пружин, сведения о стандартных крепежных резьбовых изделиях. Учебное пособие предназначено для студентов и преподавателей высших и средних специальных учебных заведений машиностроительного профиля.
Sprache:Russisch
Veröffentlicht: Москва, Форум, 2008
Ausgabe:2-е изд., испр. и доп.
Schriftenreihe:Профессиональное образование
Schlagworte:
Format: MixedMaterials Buch
KOHA link:https://koha.lib.tpu.ru/cgi-bin/koha/opac-detail.pl?biblionumber=162757

MARC

LEADER 00000nam0a2200000 4500
001 162757
005 20231101222338.0
010 |a 9785911342340 
035 |a (RuTPU)RU\TPU\book\176538 
035 |a RU\TPU\book\131153 
090 |a 162757 
100 |a 20070910d2008 m y0rusy50 ca 
101 0 |a rus 
102 |a RU 
105 |a a j 001zy 
200 1 |a Стандарты инженерной графики  |e учебник для среднего профессионального образования  |f В. П. Куликов 
205 |a 2-е изд., испр. и доп. 
210 |a Москва  |c Форум  |d 2008 
215 |a 240 с.  |c ил., черт. 
225 1 |a Профессиональное образование 
318 |5 63413507  |a Пишем реферат, курсовую, диплом, выпускную квалификационную работу  |b выставка 
320 |a Список литературы: с. 227-232. 
320 |a Словарь терминов: с. 233-239. 
330 |a В учебном пособии «Стандарты инженерной графики» впервые концентрированно изложены действующие стандарты с иллюстрациями, комментариями и справочными данными, необходимые для использования при изучении дисциплин по инженерно-техническим циклам. В пособии изложены правила выполнения и оформления чертежей деталей, сборочных единиц, а также схем. Рассмотрены правила деталирования сборочных чертежей, приведены сведения о разъемных и неразъемных соединениях, зубчатых передачах, изображениях на чертеже подшипников и пружин, сведения о стандартных крепежных резьбовых изделиях. Учебное пособие предназначено для студентов и преподавателей высших и средних специальных учебных заведений машиностроительного профиля. 
451 1 |0 (RuTPU)RU\TPU\book\131153  |y 978-5-91134-011-7  |t Стандарты инженерной графики  |o учебник для среднего профессионального образования  |f В. П. Куликов  |c М.  |n Инфра-М  |n Форум  |d 2007  |p 240 с.  |s Профессиональное образование  |a Куликов, Виктор Павлович 
451 |y 978-5-16-002646-6 
606 1 |a Инженерная графика  |2 stltpush  |3 (RuTPU)RU\TPU\subj\39243  |9 59411 
610 1 |a стандарты 
610 1 |a чертежи 
610 1 |a линии 
610 1 |a форматы 
610 1 |a надписи 
610 1 |a чертежные шрифты 
610 1 |a масштабы 
610 1 |a размеры 
610 1 |a изображения 
610 1 |a конструкторская документация 
610 1 |a резьба 
610 1 |a резьбовые изделия 
610 1 |a допуски 
610 1 |a посадки 
610 1 |a соединения 
610 1 |a учебники 
675 |a 76:621(075.32)  |v 3 
700 1 |a Куликов  |b В. П.  |g Виктор Павлович 
801 1 |a RU  |b 63413507  |c 20090626  |g PSBO 
801 2 |a RU  |b 63413507  |c 20150217  |g RCR 
900 |a Начертательная геометрия. Инженерная графика 
900 |a Начертательная геометрия и технический рисунок 
942 |c BK 
952 |l 6 
959 |a 78/20090625  |d 1  |e 129,90  |f ЧЗКДП:1